000 00576nam a2200169 a 4500
001 000025723
005 20200930024011.0
008 110221s1969 mx r 001 0 spa d
040 _aDO-SdBNP
_bspa
_cBNPHU
082 _ann*
_bnn*
100 1 _aRomero, Hernan.
_952493
245 1 0 _aPoblación, desarrollo y control de natalidad en América Latina :
_bprejuicios y controversias /
_cHernand Romero.
260 _aMéxico, D. F. :
_bDiana,
_c1969.
300 _a156 p. ;
_c20 cm.
500 _aIncluye referencias bibliográficas y notas al pie de las páginas.
049 _aBNGR
999 _c25215
_d25215